000 00657nam a2200217 i 4500
001 141837
003 ES-MaACL
005 20240104063012.0
007 t|
008 070928s1984 sp ||||1| spa d
100 1 _aViñas, Ángel,
_d1941-
_9115369
245 1 0 _aArmas y economía
_b: ensayo sobre dimensiones del gasto militar /
_cAngel Viñas.
250 _a[1ª ed.].
260 _a[Barcelona] :
_bFontamarca,
_c[1984]
300 _a216 p. ;
_c19 cm.
490 1 _aPaz y conflictos
650 1 4 _aArmas-
_xComercio.
_99967
830 0 _aPaz y conflictos
_9187225
852 _aES-MaACL
_jL-7910
_bR.108413
999 _c141837
_d141837